• 首页
  • 本馆介绍
  • 公告通知
  • 最新文献
  • 馆藏检索
  • 电子资源
  • 读者导购
  • 参考咨询
  • 我的图书馆
  • 登录
  • 详细信息显示
  • 放入我的书架
  • 预约/预借图书
  • 作者相关作品
  • 分类相关作品
  • 丛书相关作品
  • 出版社相关作品

书目信息

  • 表格格式
  • 工作单格式
  • 卡片格式
题名:
审计学
    
 
作者: 秦荣生 编著
分册:  
出版信息: 北京   中国人民大学出版社  2004
页数: 429页
开本: 23cm
丛书名:
单 册:
中图分类: F239.0
科图分类:
主题词: 审计
电子资源:
ISBN: 7-300-02960-4
000 00605nam0 2200217 450
001 0632148734
005 20061013091014.59
010    @a7-300-02960-4@dCNY30.00
100    @a20061013d2004 km y0chiy0120 ea
101 0  @achi
102    @aCN@b110000
200 1  @a审计学@Ashen ji xue@f秦荣生编著@Fqin rong sheng bian zhu
205    @a4版
210    @a北京@c中国人民大学出版社@d2004
215    @a429页@d23cm
300    @a教育部经济、管理类专业主干课程推荐教材
606 0  @a审计
690    @aF239.0@v3
701  0 @a秦荣生@Aqin rong sheng@4编著
801  0 @aCN@bPFT@c20061013
905    @a10447@dF239.0@e210=4
    
    审计学/秦荣生编著.-4版.-北京:中国人民大学出版社,2004
    429页;23cm
    教育部经济、管理类专业主干课程推荐教材
    
    ISBN 7-300-02960-4:CNY30.00
    
●
相关链接 在E读中查询图书 在五车中查询图书 在当当中查询图书 在豆瓣中查询图书


正题名:审计学     索取号:F239.0/210=4         预约/预借

序号 登录号 条形码 馆藏地/架位号 状态 备注
1 0501880   205018808   密集书库/ [索取号:F239.0/210=4] 在馆    
唐山师范学院图书馆 欢迎您!
大连网信软件有限公司© 版权所有